| 000 | 00660nam a2200205 a 4500 | ||
|---|---|---|---|
| 001 | BRCA_6135 | ||
| 005 | 20190320205339.0 | ||
| 008 | 060711s2010----mx-a######---#000-0#spa-# | ||
| 020 | _a9786076050231 | ||
| 041 | _aspa | ||
| 044 | _amx | ||
| 050 | 4 |
_aZ244.5 _b.V55 2010 |
|
| 100 | 1 |
_aVilchis Esquivel, Luz del Carmen _915475 |
|
| 245 | 1 | 0 |
_aHistoria del diseño gráfico en México _b1910-2010 _cLuz del Carmen Vilchis Esquivel. |
| 260 |
_aMéxico _bINBA-CONACULTA _c2010 |
||
| 300 |
_a525 p. _bil. a color _c28 cm. |
||
| 504 | _aBibliografía: p. 510-525 | ||
| 650 | 1 | 4 |
_aDiseño gráfico (Tipografía) _xHistoria _ySiglo XX-XXI _zMéxico _915476 |
| 942 |
_2lcc _cB |
||
| 999 |
_c5822 _d5822 |
||